|
|
|
|
| LEADER |
00000nam0a2200000 4500 |
| 001 |
35058 |
| 005 |
20231030232515.0 |
| 010 |
|
|
|a 5864040347
|
| 035 |
|
|
|a (RuTPU)RU\TPU\book\35477
|
| 035 |
|
|
|a BOOK00002129
|
| 090 |
|
|
|a 35058
|
| 100 |
|
|
|a 20011210d1993 m y0rusy50 ca
|
| 101 |
0 |
|
|a rus
|
| 102 |
|
|
|a RU
|
| 105 |
|
|
|a y z 000zy
|
| 200 |
1 |
|
|a Микропроцессор i486. Архитектура, программирование, интерфейс
|f В. Б. Бродин, И. И. Шагурин
|
| 210 |
|
|
|a Москва
|c Диалог-МИФИ
|d 1993
|
| 215 |
|
|
|a 240 с.
|
| 610 |
1 |
|
|a микропроцессоры
|
| 610 |
1 |
|
|a микропроцессорные системы
|
| 610 |
1 |
|
|a архитектура
|
| 610 |
1 |
|
|a программирование
|
| 610 |
1 |
|
|a интерфейс
|
| 610 |
1 |
|
|a структура
|
| 610 |
1 |
|
|a режимы работы
|
| 675 |
|
|
|a 681.325.5
|v 3
|
| 700 |
|
1 |
|a Бродин
|b В. Б.
|g Владимир Борисович
|
| 701 |
|
1 |
|a Шагурин
|b И. И.
|g Игорь Иванович
|
| 801 |
|
0 |
|a RU
|b 63413507
|c 20011210
|g PSBO
|
| 801 |
|
2 |
|a RU
|b 63413507
|c 20210128
|g PSBO
|
| 900 |
|
|
|a Микропроцессорные системы
|
| 942 |
|
|
|c BK
|